000 00606nam a2200229Ia 4500
003 OSt
005 20220928101623.0
006 a|||||r|||| 00| 0
007 ta
008 220927b |||||||| |||| 00| 0 eng d
024 _a56212
037 _cTextual
040 _aSDCL
_cSDCL
_beng
041 _2eng
_aeng
082 _aO152,3N3694,1, N6
100 _aBhendey Subhash
_9392722
245 0 _aKoi to vajah hai.
260 _aNew Delhi
_bSarthak Prakashak
_c1996
300 _a103p
_ccm.
942 _hO152,3N3694,1, N6
_cTEXL
_2CC
999 _c708435
_d708435